WILLIAM WILSON (Record n. 105968)
[ formato base ]
| 000 -LEADER | |
|---|---|
| fixed length control field | 01712agaaa2200313 4500 |
| 001 - CONTROL NUMBER | |
| control field | 6597 |
| 003 - CONTROL NUMBER IDENTIFIER | |
| control field | IT-RoPAU |
| 005 - DATE AND TIME OF LATEST TRANSACTION | |
| control field | 20220918181239.0 |
| 007 - PHYSICAL DESCRIPTION FIXED FIELD--GENERAL INFORMATION | |
| fixed length control field | d cvaizq |
| 008 - FIXED-LENGTH DATA ELEMENTS--GENERAL INFORMATION | |
| fixed length control field | 50131s9999||||xx ||| | || ||und|| |
| 040 ## - CATALOGING SOURCE | |
| Original cataloging agency | IT-RoPAU |
| Transcribing agency | IT-RoPAU |
| 041 ## - LANGUAGE CODE | |
| Language code of text/sound track or separate title | ITALIANO |
| 100 ## - MAIN ENTRY--PERSONAL NAME | |
| Personal name | Malle Louis |
| Miscellaneous information | Codice regista SPICS: 4293 |
| 9 (RLIN) | 44379 |
| 130 ## - MAIN ENTRY--UNIFORM TITLE | |
| Uniform title | WILLIAM WILSON |
| 9 (RLIN) | 44380 |
| 245 ## - TITLE STATEMENT | |
| Title | WILLIAM WILSON |
| Statement of responsibility, etc. | Prodotto da: Grimaldi Alberto -- Sceneggiatura: Malle Louis Biddle Wood Clement -- Diretto da: Malle Louis |
| Name of part/section of a work | TRE PASSI NEL DELIRIO (Rif. Codice opera principale : 21539) |
| 250 ## - EDITION STATEMENT | |
| Edition statement | Edizione Standard |
| 260 ## - PUBLICATION, DISTRIBUTION, ETC. (IMPRINT) | |
| Place of publication, distribution, etc. | ROMA - PARIGI (ITALIA) |
| Name of publisher, distributor, etc. | EUROPEE ASS. - MARCEAU - COCINOR / Distribuzione: RAI |
| Date of manufacture | "1968 (1° ed.: 1982 ; Ed. Lingua Orig.: 1968)" |
| 300 ## - PHYSICAL DESCRIPTION | |
| Extent | VHS |
| Other physical details | sonoro, col. |
| Dimensions | 40 minuti |
| 508 ## - CREATION/PRODUCTION CREDITS NOTE | |
| Creation/production credits note | "Fotografia: Delli Colli Tonino; Montaggio: Arcalli Franco; Musica: Masson Diego; Sceneggiatura: Malle Louis Biddle Wood Clement; " |
| 511 ## - PARTICIPANT OR PERFORMER NOTE | |
| Participant or performer note | "Delon Alain; Bardot Brigitte" |
| 520 ## - SUMMARY, ETC. | |
| Summary, etc. | WILLIAM GIOVANE UFFICIALE AUSTRIACO NERRA LA SUA VITA AD UN SACERDOTE FIN DA RAGAZZO IN COLLEGIO QUANDO STAVA PER COMPIRE UNA CATTIVA AZIONE SI PRESENTAVA UN ALTRO LUI CHE LO FERMAVA ORA DOPO AVER BARATO AL GIOCO E INSULTATOUNA DONNA LUI SI ERA FATTO VIVO SMASCHERANDOLO INSEGUITOLO LO AVEVA UCCISONON CREDUTO DAL PRETE SI GETTA DAL CAMPANILE |
| 538 ## - SYSTEM DETAILS NOTE | |
| System details note | PAL, STEREO |
| 546 ## - LANGUAGE NOTE | |
| Language note | ITALIANO |
| 650 ## - SUBJECT ADDED ENTRY--TOPICAL TERM | |
| Topical term or geographic name as entry element | ORRORE |
| Relator term | FILMS [VHS] |
| General subdivision | Codice MATERIA SPICS: 9960 |
| 9 (RLIN) | 44381 |
| 700 ## - ADDED ENTRY--PERSONAL NAME | |
| Personal name | Malle Louis |
| Relator term | (regista) |
| Miscellaneous information | Codice regista SPICS: 4293 |
| 9 (RLIN) | 44382 |
| 700 ## - ADDED ENTRY--PERSONAL NAME | |
| Personal name | Masson Diego |
| Relator term | (musica) |
| Miscellaneous information | Codice Musica SPICS: 4036 |
| 9 (RLIN) | 44383 |
| 700 ## - ADDED ENTRY--PERSONAL NAME | |
| Personal name | Poe Allan Edgar |
| Relator term | (soggetto) |
| Miscellaneous information | Codice Soggetto SPICS: 2471 |
| 9 (RLIN) | 44384 |
| 942 ## - ADDED ENTRY ELEMENTS (KOHA) | |
| Koha item type | VHS - VIDEO |
| Source of classification or shelving scheme | Dewey Decimal Classification |
| Withdrawn status | Lost status | Damaged status | Not for loan | Home library | Current library | Date acquired | Total Checkouts | Full call number | Date last seen | Price effective from | Koha item type | Public note |
|---|---|---|---|---|---|---|---|---|---|---|---|---|
| Buone Condizioni | Not For Loan | SPICS-MEDIATECA | SPICS-MEDIATECA | 31/01/2015 | 76597 | 31/01/2015 | 31/01/2015 | VHS - VIDEO | Progr. Ins.: 2519 / N.Vol.:0 / Copie: 1 / Pag.:0 / Copia rara: n.d. / date import: 1.2.2015 / By Epidotti, Trombetti, Vaglietti |